Présidentielle 1995 - Statistiques

Statistiques générales
  • Ce quiz a été pris 96 fois
  • Le résultat moyen est 6 sur 9
Statistiques - réponses
# Candidat(e) Score % Correct
1 Jacques Chirac 20,84 % 52,64 %
100%
2 Lionel Jospin 23,30 % 47,36 %
98%
4 Jean-Marie Le Pen 15,00 %
93%
6 Arlette Laguiller 5,30 %
83%
3 Édouard Balladur 18,58 %
77%
5 Robert Hue 8,64 %
62%
9 Jacques Cheminade 0,28 %
51%
8 Dominique Voynet 3,32 %
46%
7 Philippe de Villiers 4,74 %
37%
Aucun quiz correspondant
Distribution des résultats
% des personnes avec chaque résultat
Percentile par nombre de réponses
Votre historique - résultats
Vous n’avez pas pris ce quiz